| 000 | 00510nam a2200169 i 4500 | ||
|---|---|---|---|
| 001 | 55712 | ||
| 003 | ES-MaACL | ||
| 005 | 20230906163213.0 | ||
| 007 | t| | ||
| 008 | 030925s1970 sp ||||1| spa d | ||
| 100 | 1 |
_aDeutscher, Isaac. _943984 |
|
| 245 | 1 | 4 |
_aLas raíces de la burocracia / _cIsaac Deutscher ; [traducción, José Cano Tembleque]. |
| 260 |
_a[Barcelona] : _bAnagrama, _c[1970] |
||
| 300 |
_a57 p. ; _c18 cm. |
||
| 700 | 1 |
_aCano Tembleque, José. _934572 |
|
| 852 |
_aES-MaACL _jC-42528 _bR.73610 |
||
| 999 |
_c55712 _d55712 |
||